000 00289nam a22000977a 4500
008 240220b |||||||| |||| 00| 0 eng d
082 _a929.731
_bC71a
100 1 0 _aCraveri, Benedetta
_eautor
_943469
245 _aAmantes y reinas:
_bEl poder de las mujeres /
_cBenedetta Craveri
942 _2ddc
999 _c30668
_d17052